| 000 | 00529nam a2200169Ia 4500 | ||
|---|---|---|---|
| 008 | 090201s9999 xx 000 0 und d | ||
| 010 | _aKPL-48101 | ||
| 040 | _bमराठी | ||
| 041 | _aमराठी | ||
| 082 |
_a34715 _b48101 |
||
| 100 | _aज्ञानेश्वर नाडकर्णि | ||
| 245 |
_aहिचकॉक _cज्ञानेश्वर नाडकर्णि |
||
| 260 |
_c2004 _bग्रंथघर |
||
| 300 |
_a122 _bमोठा |
||
| 600 | _aहिचकॉक | ||
| 942 | _cBOOK | ||
| 999 |
_c232891 _d232891 |
||